00342nam a22001337a 4500008004100000082001500041100002100056245004400077250000800121260003200129300001300161365001000174650002400184200217b ||||| |||| 00| 0 eng d00a671bD6316 aDoan, Gilbert E.10a(The) principles of physical metallurgy a3rd aNew YorkbMcGraw-Hillc1953 axi,331p. d27.00 0aPhysical Metallurgy